000 00888cam a2200229 4500
001 WB3630-21
008 000000n2000 000 0 eng u
035 _a(Sirsi) u107461
245 _aReaction against blanding
260 _c2000
490 _aFinancial Times
_v1 August 2000, 4(1)
520 _aIndependent traders in Manchester, Leeds, Nottingham and Glasgow are to join forces to to create a netwrok to halt the 'blanding of cities' by large chains of bars and retailers. The Independents group, has called on Manchester City Council to ensure that a balance between independent traders and large corporate names is maintained.
590 _aWB
650 _aHIGH STREETS
650 _aCITY CENTRES
650 _aINDEPENDENTS GROUP
650 _aINDEPENDENT TRADERS
650 _aRETAILERS
650 _aMANCHESTER
690 _aLEISURE AND RECREATION
942 _n0
999 _c64236
_d64236